Městský stav v Čechách v době předbělohorské /

Main Author: Kneidl, Pravoslav, 1927-2003
Corporate Author: Univerzita Karlova. Filozoficko-historická fakulta
Language: Czech
Published: Praha : Filosoficko-historická fakulta University Karlovy, 1951
Physical Description: 183 s., příl.
Book
Saved in:
LEADER 00800nam a22002172a 4500
001 000229018
003 CZ BrMZK
005 20040409102300.0
007 ta
008 010907s1951 xr f cze d
035 |a (OCoLC)85581595 
040 |a BOA001  |b cze  |c BOA001 
100 1 |a Kneidl, Pravoslav,  |d 1927-2003  |7 jk01060792  |4 dis 
245 1 0 |a Městský stav v Čechách v době předbělohorské /  |c Pravoslav Kneidl 
260 |a Praha :  |b Filosoficko-historická fakulta University Karlovy,  |c 1951 
300 |a 183 s., příl. 
502 |a Disertace -- Univerzita Karlova, 1951 
710 2 |a Univerzita Karlova.  |b Filozoficko-historická fakulta  |7 ko2004226829 
910 |a BOA001  |b 4-0291.047 
990 |a BK 
996 6 |b 2619909340  |c 4-0291.047  |l MZK  |r Sklad / do 24 hodin  |n 1  |w 000229018  |u 000010  |a 1  |e BOA001  |j MZK50  |s P